00517 2200181 4500001002100000005001500021035002000036008004100056245005800097100001700155260003700172300002600209084002000235082001000255650002800265020002200293990002000315INLIS00000000000230120241120125349 a0010-1124000282241120 0 ind 1 aHarus Bisa Seni Memimpin Ala SBY /cDino Patti Djalal aDjalal, Dino aYogyakarta :bRed & White,c2003 a434 hlm. ;c21X14 cm a923.1 DJA H C.1 a923.1 4aBiografi Kepala Negara a978-979-1008-10-5 a100111200004274